| 000 | 01141nam a2200313 i 4500 | ||
|---|---|---|---|
| 001 | 41908 | ||
| 003 | ES-MaACL | ||
| 005 | 20250821074832.0 | ||
| 007 | t| | ||
| 008 | 030312s1976 sp a ||||1| spa d | ||
| 080 | _a265.3 | ||
| 080 | _a27(460.315 Alcoy) | ||
| 100 | 1 |
_aCarbonell, Vicente. _935055 |
|
| 245 | 1 | 0 |
_aCélebre centuria / _c[por] Vicente Carbonell ; 2ª ed. facs. de la 1ª con estudio preliminar y notas de Rafael Coloma. |
| 260 |
_aAlicante : _bCaja de Ahorros Provincial de Alicante, _c1976. |
||
| 300 |
_a737 p. : _bil. ; _c22 cm. |
||
| 490 | 1 |
_aPublicaciones de la Caja de Ahorros Provincial ; _v34 |
|
| 500 | _aÍndice. | ||
| 534 |
_pReprod. facs. de la ed. de: _cValencia: Juan Lorenzo Cabrera, 1672. |
||
| 650 | 0 | 4 |
_aEucaristía- _xAdoración. _9156354 |
| 650 | 0 | 7 |
_aEucaristía _2embne _912604 |
| 651 | 4 |
_aAlcoy- _xHistoria eclesiástica. _9156355 |
|
| 655 | 7 |
_2tgfbne _9226495 _aFacsímiles |
|
| 700 | 1 |
_aColoma Payá, Rafael _9156348 |
|
| 830 | 0 | 0 |
_aPublicaciones de la Caja de Ahorros Provincial de Alicante _v34 _9186986 |
| 852 |
_aES-MaACL _jA-6505 |
||
| 942 | _2udc | ||
| 999 |
_c41908 _d41908 |
||